| 000 | 00365nam a2200145Ia 4500 | ||
|---|---|---|---|
| 008 | 230312s9999||||xx |||||||||||||| ||und|| | ||
| 082 |
_a612 _bRAW-B |
||
| 100 | _aRawlins ,E.A. | ||
| 245 | 0 | _aBentley,s Text book of Pharmaceutics | |
| 260 |
_bBailliere Tindall _aLondon _c2005 |
||
| 300 | _a725 | ||
| 546 | _aEng. | ||
| 650 |
_aPharmacy _vPharmaceutics |
||
| 942 | _cBK | ||
| 999 |
_c3576 _d3576 |
||